000 00421nam a2200157Ia 4500
008 210210b1996 xxu||||| |||| 00| 0 eng d
020 _a81 259 0088 8
082 _a327 KHAI
100 _aKHANNA (V N).
245 _aInternational relations.
260 _aND
_bVikas Publishing House Pvt Ltd.
_c1996
300 _a429
650 _aInternational relations text
690 _aInternational Relations
906 _a051692
999 _c100020
_d100020